000 00398nam a2200133Ia 4500
008 151001s9999||||xx |||||||||||||| ||und||
100 _aअरुणकुमार मुखेडकर
245 _aलेखी करार व दस्तऐवज
250 _a3
260 _bशिवांश पब्लिकेशन
260 _c2005
300 _a607
365 _b21
999 _c985610
_d985607